Trazado práctico de desarrollo en calderería

Gespeichert in:
Bibliographische Detailangaben
1. Verfasser: Olave Villanueva, Antonio (autor)
Format: Buch
Sprache:Spanisch
Veröffentlicht: Barcelona CEAC 1987
Schlagworte:
Tags: Tag hinzufügen
Keine Tags, Fügen Sie den ersten Tag hinzu!

MARC

LEADER 00000nam a2200000 a 4500
001 UCY1178
003 CL-VaPUC
008 940823e19870000SP |||||||||||||||||spa|d
082 0 4 |a 604.2  |b OLA  |2 21 
100 |a Olave Villanueva, Antonio  |e autor  |9 521557 
245 1 0 |a Trazado práctico de desarrollo en calderería 
300 |a 165 p 
942 |c BK 
945 |d 19940823 00:00:00  |a mfernand 
260 |a Barcelona  |b CEAC  |c 1987 
650 7 |a DIBUJO TECNICO  |2 CL-VaPUC  |9 329094 
650 7 |a INGENIERIA DIBUJOS  |2 CL-VaPUC  |9 260182 
650 7 |a DIBUJO GEOMETRICO  |2 CL-VaPUC  |9 265010 
650 7 |a CALDERAS  |2 CL-VaPUC  |9 260947 
583 |a last modification  |c 19940823 00:00:00  |k Rodrigo Vera 
999 |c 229961  |d 229959 
952 |0 0  |1 0  |4 0  |6 604_200000000000000_OLA_1987  |7 0  |8 A  |9 231721  |a BIBMEC  |b BIBMEC  |d 2019-11-15  |i 3014916  |o 604.2 OLA 1987  |p 3014916  |r 2024-01-19  |w 2019-11-15  |y BK  |k MEC